000 00711nam0a22002411 4500
001 v19\rc\2013280
005 20250620002459.0
035 _a(NLR Aleph) 005094750
090 _a7333840
_c7333840
100 _a20080925d1904 |||y0rusy50 ca
101 1 _arus
_cfre
102 _aRU
105 _ay z |||||
200 1 _aКармен
_eОпера в 4 д., муз. Бизе
_eЛибретто
_fПер. Амем
210 _aХарьков
_cтип. М. Дрейшпуль и с-вья
_d[1904]
215 _a8 с.
309 _aБез тит. л. и обл.
702 1 _aАмем
_4730
801 0 _aRU
_bNLR
_gpsbo
801 1 _aRU
_bProSoft-M
_2rusmarc
852 _aNLR
_j37.53.7.707
942 _cBOOK
980 _aNB